にじさんじライバー決まり字分岐 - Statistics

General Stats
  • This quiz has been taken 18 times
    9 since last reset
  • The average score is 28 of 76
Answer Stats
- - - Answer % Correct
80%
16歳の高校 2 剣持刀也
80%
渡会雲雀
80%
セラフ・ダズルガーデン
80%
界から 魔界ノりりむ
80%
都で 長尾景
80%
1 0 森中花咲
60%
2 6 春崎エアル
60%
鷹宮リオン
60%
イブラヒム
60%
花畑チャイカ
60%
ゲーム 本間ひまわり
60%
ゲーム 椎名唯華
60%
ミラン・ケストレル
60%
天宮こころ
60%
山神カルタ
60%
分の 星川サラ
60%
分の 早乙女ベリー
60%
とある フミ
60%
学院高等部に通う 2 西園チグサ
60%
学院高等部に通う 3 東堂コハク
60%
1 1 矢車りね
40%
卯月コウ
40%
緑仙
40%
獅子堂あかり
40%
三枝明那
40%
渋谷ハジメ
40%
空星きらめ
40%
年齢 3 ドーラ
40%
年齢 モイラ
40%
高校 2年生。 月ノ美兎
40%
高校 2年生。 笹木咲
40%
普段は シスター・クレア
40%
バーチャル世界 鈴木勝
40%
叢雲カゲツ
40%
小清水透
40%
風楽奏斗
40%
葉山舞鈴
40%
小柳ロウ
40%
界から えま★おうがすと
40%
弦月藤士郎
40%
都で 甲斐田晴
40%
ほしの学園 1 城瀬いすみ
40%
ほしの学園 2 皇れお
40%
ほしの学園 3 篠宮ゆの
40%
1 7 飛鳥ひな
20%
1 8 鏑木ろこ
20%
2 1 家長むぎ
20%
2 2 神田笑一
20%
花籠つばさ
20%
栞葉るり
20%
ジョー・力一
20%
シェリン・バーガンディ
20%
エクス・アルビオ
20%
16歳の高校 1年生。 夕陽リリ
20%
16歳の高校 町田ちま
20%
高校 3 静凛
20%
普段は 伏見ガク
20%
バーチャル世界 夜見れな
20%
夢月ロア
20%
レヴィ・エリファ
20%
魁星
20%
海妹四葉
20%
北見遊征
20%
とある 榊ネス
20%
とある 語部紡
20%
年齢 4 ギルザレンIII世
20%
壱百満天原サロメ
0%
黒井しば
0%
16歳の高校 1年生。 物述有栖
0%
猫屋敷美紅
0%
いつも 五十嵐梨花
0%
いつも 白砂あやね
0%
ソフィア・ヴァレンタイン
0%
文野環
0%
レオス・ヴィンセント
0%
No matching quizzes found
Score Distribution
Percent of People with Each Score
Percentile by Number Answered
Your Score History
You have not taken this quiz since the last reset